000 01061nam a2200301 i 4500
001 10972
003 KOSZ 005
005 20211117142648.0
008 080808s1962 pl ab g 001 0 pol
015 _aPB 1962/7820
040 _aWA N
_cWA N
_dKOSZ 005/RW
_dKOSZ 005/HR
046 _k1962
080 _a656:913(4/9)
100 1 _aBerezowski, Stanisław
_d(1910-1986)
_eAutor
245 1 0 _aGeografia transportu :
_bprzegląd problemów z różnych krajów świata /
_cStanisław Berezowski.
260 _aWarszawa :
_bPaństwowe Wydawnictwo Naukowe,
_c1962.
300 _a541, [2] s., [2] k. tabl. :
_bil., mapy ;
_c25 cm.
380 _aKsiążki
388 _a1901-2000
388 _a1945-1989
504 _aBibliogr. przy rozdz. Indeks.
650 4 _aTransport
650 4 _aGeografia gospodarcza
658 _aTransport i logistyka
710 2 _aPaństwowe Wydawnictwo Naukowe
_4pbl.
856 _uhttp://koha.tu.koszalin.pl/cgi-bin/koha/opac-detail.pl?biblionumber=10972
_yKatalog online BPK
942 _2UKD
_cKS
999 _c10972
_d10972